[Event "Wch Seniors 65 26th"]
[Site "Marianske Lazne"]
[Date "2016.11.28"]
[Round "9"]
[White "Kaldybayev, Orazbek"]
[Black "De Giorgis, Georges"]
[Result "1-0"]
[WhiteElo "1793"]
[BlackElo "1653"]
[PlyCount "117"]
[EventDate "2016.11.19"]
[EventType "swiss"]
[EventRounds "11"]
[EventCountry "CZE"]
[SourceTitle "CBM 175 Extra"]
[Source "ChessBase"]
[SourceDate "2016.12.12"]
[SourceVersion "1"]
[SourceVersionDate "2016.12.12"]
[SourceQuality "1"]

1. e4 c5 2. Nf3 Nc6 3. c3 e5 4. Bc4 Be7 5. 0-0 Nf6 6. Re1 0-0 7. h3 Na5 8. Bf1 Nc6 9. d4 cxd4 10. cxd4 exd4 11. Nxd4 Nxd4 12. Qxd4 Qc7 13. Nc3 Qc5 14. Be3 Qxd4 15. Bxd4 d6 16. Rab1 Be6 17. Rbd1 a6 18. Rd2 Rfc8 19. Na4 Rc6 20. Nb6 Re8 21. b3 Bd8 22. Nc4 Bxc4 23. Bxc4 b5 24. Bd3 Ba5 25. Rde2 Bxe1 26. Rxe1 Nd7 27. f4 Nc5 28. Bb1 f6 29. Kf2 Kf8 30. g3 h6 31. Kf3 Ne6 32. Bb2 Rec8 33. Re3 Ke7 34. h4 Nc5 35. e5 dxe5 36. fxe5 Ne6 37. Kg4 fxe5 38. Bxe5 Kf7 39. Rf3+ Ke7 40. Bg6 Rf8 41. Re3 Rf1 42. Bxg7 h5+ 43. Bxh5 Kd8 44. Rd3+ Kc8 45. Bc3 Nc5 46. Re3 Kd7 47. Be8+ Kd6 48. Bxc6 Kxc6 49. h5 Kd7 50. h6 Rf7 51. Kg5 Ne6+ 52. Kg6 Re7 53. Rd3+ Ke8 54. Bg7 a5 55. Rd5 a4 56. Rxb5 axb3 57. axb3 Nf8+ 58. Bxf8 Kxf8 59. Rb8+ 1-0

[Event "Pavlodar op"]
[Site "Pavlodar"]
[Date "2015.12.11"]
[Round "6"]
[White "Chigaeva, Anastasia"]
[Black "Kaldybayev, Orazbek"]
[Result "1-0"]
[WhiteElo "2089"]
[BlackElo "1749"]
[PlyCount "83"]
[EventDate "2015.12.07"]
[EventType "swiss"]
[EventRounds "10"]
[EventCountry "KAZ"]
[SourceTitle "EXT 2017"]
[Source "ChessBase"]
[SourceDate "2016.10.25"]
[SourceVersion "1"]
[SourceVersionDate "2016.10.25"]
[SourceQuality "1"]

1. d4 Nf6 2. c4 g6 3. Nc3 d5 4. e3 Bg7 5. Qb3 dxc4 6. Bxc4 0-0 7. Nf3 Nc6 8. Be2 Na5 9. Qa3 b6 10. 0-0 Bb7 11. Rd1 e6 12. Bd2 Nc6 13. Ba6 Qc8 14. Bxb7 Qxb7 15. Rac1 a6 16. Ne2 Rac8 17. Rc2 Rfd8 18. Rdc1 Nb8 19. Nf4 Ne4 20. Be1 Nd7 21. Nd3 c5 22. Nfe5 Nxe5 23. Nxe5 f6 24. Nf3 Bf8 25. Qb3 Kf7 26. h3 b5 27. Qd3 c4 28. Qe2 Rc6 29. a3 Rdc8 30. Ne5+ fxe5 31. Qf3+ Nf6 32. dxe5 Be7 33. exf6 Bf8 34. Bc3 Qc7 35. Rd1 Rd6 36. Rcd2 Rxd2 37. Rxd2 Bd6 38. Qd1 Rd8 39. Be5 Bxe5 40. Rxd8 Kxf6 41. Rd7 Qc6 42. Rxh7 1-0

[Event "Pavlodar op"]
[Site "Pavlodar"]
[Date "2015.12.09"]
[Round "4"]
[White "Kurmanbayev, Yerken"]
[Black "Kaldybayev, Orazbek"]
[Result "1/2-1/2"]
[WhiteElo "2188"]
[BlackElo "1749"]
[PlyCount "132"]
[EventDate "2015.12.07"]
[EventType "swiss"]
[EventRounds "10"]
[EventCountry "KAZ"]
[SourceTitle "EXT 2017"]
[Source "ChessBase"]
[SourceDate "2016.10.25"]
[SourceVersion "1"]
[SourceVersionDate "2016.10.25"]
[SourceQuality "1"]

1. e4 c5 2. Nf3 d6 3. c3 Nf6 4. Bd3 Nc6 5. h3 e6 6. 0-0 Be7 7. Bc2 0-0 8. a3 b6 9. d4 Bb7 10. Nbd2 e5 11. Re1 Rc8 12. d5 Nb8 13. Nf1 Re8 14. Ng3 g6 15. Nh2 Nbd7 16. f4 exf4 17. Bxf4 Ne5 18. Bxe5 dxe5 19. Qf3 Rc7 20. Rad1 Qd6 21. Rf1 Rf8 22. Qe3 Kh8 23. Nf3 Ng8 24. Rf2 c4 25. Kh2 Qc5 26. Qe2 f6 27. Nf1 Bd6 28. Kh1 b5 29. Ne3 a5 30. Rdf1 Qb6 31. Nd2 Bc5 32. Rf3 Ba6 33. Ng4 Qd6 34. a4 Bb6 35. axb5 Bxb5 36. Bb1 h5 37. Nh2 a4 38. Ba2 Rfc8 39. g4 a3 40. gxh5 gxh5 41. Rf5 Be8 42. Nxc4 Rxc4 43. Bxc4 axb2 44. Bb5 Bg6 45. Qxb2 Nh6 46. Qd2 Kh7 47. Qd3 Nxf5 48. exf5 Bf7 49. c4 Rg8 50. Qe4 Rg3 51. Nf3 Qa3 52. Bd7 Qb2 53. Nh2 Qd2 54. Bc8 Bc5 55. Bd7 Qg5 56. Qb1 Rxh3 57. Be6 Qg3 58. Qc2 Be8 59. Qg2 Rxh2+ 60. Qxh2 Qg5 61. Rd1 Qg4 62. Rg1 Bxg1 63. Qxg1 Qh4+ 64. Kg2 Qxc4 65. Kh3 Kh6 66. Qe3+ Kh7 1/2-1/2

[Event "Pavlodar op"]
[Site "Pavlodar"]
[Date "2015.12.07"]
[Round "1"]
[White "Kaldybayev, Orazbek"]
[Black "Markov, Mikhail2222"]
[Result "0-1"]
[WhiteElo "1749"]
[BlackElo "2344"]
[PlyCount "92"]
[EventDate "2015.12.07"]
[EventType "swiss"]
[EventRounds "10"]
[EventCountry "KAZ"]
[SourceTitle "EXT 2017"]
[Source "ChessBase"]
[SourceDate "2016.10.25"]
[SourceVersion "1"]
[SourceVersionDate "2016.10.25"]
[SourceQuality "1"]

1. e4 c5 2. Nf3 e6 3. d4 cxd4 4. Nxd4 a6 5. c4 Qc7 6. Nc3 Nf6 7. Be2 b6 8. 0-0 Bb7 9. Qc2 Nc6 10. Nxc6 Bxc6 11. f4 Bc5+ 12. Kh1 h5 13. Bf3 h4 14. Qe2 Rc8 15. Bd2 Qb7 16. Rae1 b5 17. cxb5 axb5 18. Nd5 Nxd5 19. exd5 Bxd5 20. Bc3 h3 21. g3 0-0 22. a3 b4 23. axb4 Bxb4 24. Bxb4 Bxf3+ 25. Qxf3 Qxb4 26. Re2 Rc4 27. f5 exf5 28. Qxf5 Qb7+ 29. Kg1 Qb6+ 30. Ref2 Qe6 31. Qd3 d5 32. Rd1 d4 33. Re2 Qc6 34. b3 Rb4 35. Qe4 Qb6 36. Qd3 Rd8 37. Rb1 Rb8 38. Reb2 Rc8 39. Rc2 Rc3 40. Rxc3 dxc3+ 41. Kf1 Rd4 42. Qf5 Qc6 43. Qxh3 c2 44. Re1 Qh1+ 45. Ke2 Qxe1+ 46. Kxe1 c1Q+ 0-1

[Event "Pavlodar op"]
[Site "Pavlodar"]
[Date "2014.12.04"]
[Round "5"]
[White "Kertaev, Natan"]
[Black "Kaldybayev, Orazbek"]
[Result "0-1"]
[WhiteElo "1608"]
[BlackElo "1812"]
[PlyCount "96"]
[EventDate "2014.12.01"]
[EventType "swiss"]
[EventRounds "9"]
[EventCountry "KAZ"]
[SourceTitle "EXT 2016"]
[Source "ChessBase"]
[SourceDate "2015.10.08"]
[SourceVersion "1"]
[SourceVersionDate "2015.10.08"]
[SourceQuality "1"]

1. d4 Nf6 2. c4 g6 3. Nc3 d5 4. Nf3 Bg7 5. Bf4 0-0 6. e3 c6 7. Bd3 dxc4 8. Bxc4 Bf5 9. 0-0 Nbd7 10. Re1 Nh5 11. Bg3 Nxg3 12. hxg3 Nb6 13. Bb3 Bg4 14. Ne4 Nd5 15. Rc1 e6 16. Qc2 Bf5 17. Nfd2 e5 18. Nf3 exd4 19. Nxd4 Nb4 20. Qc4 Bxe4 21. Qxb4 Qb6 22. Qxb6 axb6 23. f3 Bd3 24. Red1 Ba6 25. Rc2 Rad8 26. Rcd2 Rd7 27. Nc2 Rxd2 28. Rxd2 Bxb2 29. Nb4 Bc3 30. Bxf7+ Rxf7 31. Rd8+ Rf8 32. Rxf8+ Kxf8 33. Nc2 Bd3 34. Nd4 b5 35. Ne6+ Ke7 36. Nc5 Bc4 37. a3 b6 38. Ne4 Bb2 39. Ng5 h6 40. Ne4 Bxa3 41. Kf2 b4 42. Nd2 Be6 43. Ke1 c5 44. Kd1 c4 45. Kc2 b5 46. Kb1 b3 47. e4 c3 48. Nf1 c2+ 0-1

[Event "Pavlodar op"]
[Site "Pavlodar"]
[Date "2014.12.02"]
[Round "2"]
[White "Nakhbayeva, Guliskhan"]
[Black "Kaldybayev, Orazbek"]
[Result "1-0"]
[WhiteElo "2378"]
[BlackElo "1812"]
[PlyCount "53"]
[EventDate "2014.12.01"]
[EventType "swiss"]
[EventRounds "9"]
[EventCountry "KAZ"]
[SourceTitle "EXT 2016"]
[Source "ChessBase"]
[SourceDate "2015.10.08"]
[SourceVersion "1"]
[SourceVersionDate "2015.10.08"]
[SourceQuality "1"]

1. d4 Nf6 2. c4 g6 3. Nc3 d5 4. cxd5 Nxd5 5. e4 Nxc3 6. bxc3 Bg7 7. Nf3 0-0 8. Be2 c5 9. 0-0 Nc6 10. d5 Bxc3 11. Bh6 Nd4 12. Rc1 Nxe2+ 13. Qxe2 Bg7 14. Bxg7 Kxg7 15. Rxc5 b6 16. Rc3 Bd7 17. Rfc1 Rc8 18. Qb2 Kg8 19. h3 Rxc3 20. Qxc3 Qb8 21. Qc7 Qc8 22. Ne5 Rd8 23. f3 f6 24. Qxc8 Rxc8 25. Rxc8+ Bxc8 26. Nc6 Kg7 27. Nxa7 1-0

[Event "Pavlodar op"]
[Site "Pavlodar"]
[Date "2014.12.01"]
[Round "1"]
[White "Gnusarev, Pavel"]
[Black "Kaldybayev, Orazbek"]
[Result "1-0"]
[WhiteElo "2361"]
[BlackElo "1812"]
[PlyCount "58"]
[EventDate "2014.12.01"]
[EventType "swiss"]
[EventRounds "9"]
[EventCountry "KAZ"]
[SourceTitle "EXT 2016"]
[Source "ChessBase"]
[SourceDate "2015.10.08"]
[SourceVersion "1"]
[SourceVersionDate "2015.10.08"]
[SourceQuality "1"]

1. d4 Nf6 2. c4 g6 3. Nc3 d5 4. cxd5 Nxd5 5. e4 Nxc3 6. bxc3 Bg7 7. Qa4+ Nd7 8. Nf3 0-0 9. Bg5 c5 10. Rc1 Nb6 11. Qa3 h6 12. Be3 cxd4 13. cxd4 Bg4 14. Be2 Bxf3 15. Bxf3 Bxd4 16. Bxh6 Bg7 17. Bg5 Bf6 18. Bxf6 exf6 19. 0-0 Re8 20. h4 Qe7 21. Qa5 Rec8 22. Rxc8+ Nxc8 23. h5 Rb8 24. Rd1 a6 25. Qd8+ Qf8 26. Qxf8+ Kxf8 27. Rd8+ Ke7 28. h6 Kxd8 29. h7 Kc7 1-0